| 000 | 00422nam a2200133Ia 4500 | ||
|---|---|---|---|
| 008 | 260210s9999 xx 000 0 und d | ||
| 024 | _a12B-34-EL, 12B-83-EL & 12B-136-EL | ||
| 082 | _a621.312136072 TAH | ||
| 100 | _aTaha Khan, Hassan bin Muslim & Umer Iqbal | ||
| 245 | 0 | _aPortable Wind Turbine | |
| 260 |
_aKarachi: _bUITU, _c2012 |
||
| 600 | _aElectrical Engineering | ||
| 650 | _aBachelor of Engineering (BE) | ||
| 999 |
_c33169 _d33169 |
||